<?xml version="1.0" encoding="UTF-8"?>
<record
    xmlns:xsi="http://www.w3.org/2001/XMLSchema-instance"
    xsi:schemaLocation="http://www.loc.gov/MARC21/slim http://www.loc.gov/standards/marcxml/schema/MARC21slim.xsd"
    xmlns="http://www.loc.gov/MARC21/slim">

  <leader>01198nam a22002537a 4500</leader>
  <datafield tag="952" ind1=" " ind2=" ">
    <subfield code="0">0</subfield>
    <subfield code="1">0</subfield>
    <subfield code="4">0</subfield>
    <subfield code="7">0</subfield>
    <subfield code="a">01</subfield>
    <subfield code="b">01</subfield>
    <subfield code="d">2018-11-12</subfield>
    <subfield code="l">0</subfield>
    <subfield code="o">070.44 G878e 2014</subfield>
    <subfield code="p">01 014433</subfield>
    <subfield code="r">2018-11-12</subfield>
    <subfield code="t">1</subfield>
    <subfield code="w">2018-11-12</subfield>
    <subfield code="y">LB</subfield>
  </datafield>
  <datafield tag="999" ind1=" " ind2=" ">
    <subfield code="c">103619</subfield>
    <subfield code="d">103619</subfield>
  </datafield>
  <controlfield tag="008">181112s2014    mx ||||| |||| 00| 0 spa</controlfield>
  <datafield tag="020" ind1=" " ind2=" ">
    <subfield code="a">9786071132017</subfield>
  </datafield>
  <datafield tag="050" ind1=" " ind2=" ">
    <subfield code="a">PN4783</subfield>
    <subfield code="b">G75 2014</subfield>
  </datafield>
  <datafield tag="082" ind1=" " ind2=" ">
    <subfield code="a">070.44</subfield>
    <subfield code="b">G878e 2014</subfield>
  </datafield>
  <datafield tag="100" ind1=" " ind2=" ">
    <subfield code="a">Grijelmo, &#xC1;lex</subfield>
    <subfield code="d">1956-</subfield>
    <subfield code="e">, autor</subfield>
  </datafield>
  <datafield tag="245" ind1=" " ind2=" ">
    <subfield code="a">El estilo del periodista</subfield>
    <subfield code="c">/ &#xC1;lex Grijelmo</subfield>
  </datafield>
  <datafield tag="250" ind1=" " ind2=" ">
    <subfield code="a">18a. edici&#xF3;n</subfield>
  </datafield>
  <datafield tag="260" ind1=" " ind2=" ">
    <subfield code="a">M&#xE9;xico</subfield>
    <subfield code="b">: Taurus</subfield>
    <subfield code="c">, 2014</subfield>
  </datafield>
  <datafield tag="300" ind1=" " ind2=" ">
    <subfield code="a">559 p&#xE1;ginas</subfield>
    <subfield code="b">: fotograf&#xED;as</subfield>
  </datafield>
  <datafield tag="500" ind1=" " ind2=" ">
    <subfield code="a">Incluye &#xED;ndice por palabras</subfield>
  </datafield>
  <datafield tag="505" ind1=" " ind2=" ">
    <subfield code="a">- G&#xE9;neros Period&#xED;sticos
- Informaci&#xF3;n m&#xE1;s interpretaci&#xF3;n
- La interpretaci&#xF3;n 
- La opini&#xF3;n
- La edici&#xF3;n
- La gram&#xE1;tica y la sintaxis
- La puntuaci&#xF3;n
- El acento
- El estilo
- El vocabulario del periodista
- C&#xF3;mo ajustar un texto al espacio asignado
- T&#xE9;cnicas de titulaci&#xF3;n. La idea condensada
- La &#xE9;tica de las palabras
- El estilo y la &#xE9;tica
</subfield>
  </datafield>
  <datafield tag="519" ind1=" " ind2=" ">
    <subfield code="a">Plan Flexible /</subfield>
    <subfield code="b">Periodismo y Medios Digitales /</subfield>
    <subfield code="c">Correcci&#xF3;n de Estilo (P30-2) /</subfield>
    <subfield code="d">(01 014433)</subfield>
  </datafield>
  <datafield tag="650" ind1="1" ind2="4">
    <subfield code="a">PERIODISMO </subfield>
    <subfield code="x">ESTUDIO Y ENSE&#xD1;ANZA </subfield>
  </datafield>
  <datafield tag="650" ind1="2" ind2="4">
    <subfield code="a">PERIODISMO</subfield>
    <subfield code="x">MANUAL DE ESTILO</subfield>
  </datafield>
  <datafield tag="650" ind1="2" ind2="4">
    <subfield code="a">PERIODISMO</subfield>
    <subfield code="x">ARTE DE ESCRIBIR</subfield>
  </datafield>
  <datafield tag="650" ind1="2" ind2="4">
    <subfield code="a">PERIODISMO</subfield>
    <subfield code="x">ARTE</subfield>
  </datafield>
  <datafield tag="650" ind1="2" ind2="4">
    <subfield code="a">PERIODISMO</subfield>
    <subfield code="x">CLASIFICACI&#xD3;N</subfield>
  </datafield>
  <datafield tag="942" ind1=" " ind2=" ">
    <subfield code="c">LB</subfield>
  </datafield>
</record>
